书目信息 |
| 题名: |
蒙古
|
|
| 作者: | ;张娟娟 , 朱健桦 译 ;Lonely Planet 公司 编 | |
| 分册: | ||
| 出版信息: | 北京 生活·读书·新知三联书店 2009.03 |
|
| 页数: | 292页 | |
| 开本: | 20cm | |
| 丛书名: | Lonely Planet 旅行指南系列 | |
| 单 册: | ||
| 中图分类: | K931.19 | |
| 科图分类: | ||
| 主题词: | 旅行指南--蒙古 | |
| 电子资源: | ||
| ISBN: | 978-7-108-03118-1 | |
| 000 | 01160nam 2200289 450 | |
| 001 | 0011158215 | |
| 005 | 20100617172217.20 | |
| 010 | @a978-7-108-03118-1@dCNY45.00 | |
| 100 | @a20100515d2009 em y0chiy0110 ea | |
| 101 | 1 | @achi@ceng |
| 102 | @aCN@b110000 | |
| 105 | @aabk z 001yy | |
| 200 | 1 | @a蒙古@Ameng gu@f(澳) Lonely Planet 公司编@g朱健桦,张娟娟译 |
| 210 | @a北京@c生活·读书·新知三联书店@d2009.03 | |
| 215 | @a292页@c图@d20cm | |
| 225 | 2 | @aLonely Planet 旅行指南系列 |
| 306 | @a本书中绝大部分图片可通过Lonely Planet images: www.lonelyplanetimages.com 获得授权。 | |
| 320 | @a有索引 | |
| 330 | @a《蒙古》主要讲述了:我们勇敢的作者进行了180天的实地调查,行程达8259公里,喝了135杯咸味奶茶。“蒙古户外游”一章详细介绍了各种活动,有沿成吉思汗历史足迹的骑车游、草原骑马游等。内容每日更新。登录lonelyplanet.com查询最新信息、评论和旅行攻略。 | |
| 410 | 0 | @12001 @aLonely Planet 旅行指南系列 |
| 606 | 0 | @a旅行指南@y蒙古 |
| 690 | @aK931.19@v4 | |
| 702 | 0 | @a张娟娟@Azhang juan juan@4译 |
| 702 | 0 | @a朱健桦@Azhu jian hua@4译 |
| 711 | 02 | @aLonely Planet 公司@ALonely Planet gong si@4编 |
| 801 | 0 | @aCN@c20100515 |
| 905 | @dK931.19@eG364@f3 | |
| 蒙古/(澳) Lonely Planet 公司编/朱健桦,张娟娟译.-北京:生活·读书·新知三联书店,2009.03 |
| 292页:图;20cm.-(Lonely Planet 旅行指南系列) |
| ISBN 978-7-108-03118-1:CNY45.00 |
| 《蒙古》主要讲述了:我们勇敢的作者进行了180天的实地调查,行程达8259公里,喝了135杯咸味奶茶。“蒙古户外游”一章详细介绍了各种活动,有沿成吉思汗历史足迹的骑车游、草原骑马游等。内容每日更新。登录lonelyplanet.com查询最新信息、评论和旅行攻略。 |
| ● |
| 相关链接 |
|
|
|
正题名:蒙古
索取号:K931.19/G364
 
预约/预借
| 序号 | 登录号 | 条形码 | 馆藏地/架位号 | 状态 | 备注 |